Statistics for Countries With The Least Poverty By Continent

Click here to take the quiz!

General Stats

  • This quiz has been taken 47 times
  • The average score is 20 of 30

Answer Stats

%Country% Correct
2.5Canada
100%
4.2United States
97%
4.8Chile
94%
10.2Argentina
91%
2.9Japan
91%
13.9Brazil
89%
15.7Peru
89%
1.5Australia
86%
0.7New Zealand
86%
3.1Bahamas
77%
2.7Uruguay
77%
1.9Denmark
71%
0.2Iceland
71%
2.2Finland
69%
22.1Morocco
63%
20.9Tunisia
63%
12.6Barbados
60%
20.3Samoa
60%
1.2United Arab Emirates
60%
3.4Qatar
57%
21.9Tonga
54%
2.7Netherlands
51%
2.1Taiwan
51%
9.3Saint Kitts and Nevis
49%
4.8Seychelles
46%
18.5Algeria
43%
10.3Mauritius
43%
23.7Nauru
43%
2.0Maldives
29%
1.6Slovenia
26%

Score Distribution

Percentile by Number Answered

Percent of People with Each Score

Your Score History

You have not taken this quiz